[Event "33. Open Ciudad de San Sebastian"]
[Site "San Sebastián ESP"]
[Date "2010.03.31"]
[Round "4.45"]
[White "Segura Del Frago, Imanol"]
[Black "Espin Laborde, Jesus Maria"]
[Result "1-0"]
[WhiteElo "2010"]
[BlackElo "1796"]
[PlyCount "67"]
[EventDate "2010.03.28"]
[EventType "swiss"]
[EventRounds "9"]
[EventCountry "ESP"]
[Source "lmi"]
[SourceDate "2010.03.28"]

1. e4 c5 2. d3 d6 3. g3 Nc6 4. Bg2 g6 5. f4 e6 6. Nf3 Bg7 7. O-O Nge7 8. c3 O-O
9. Kh1 Rb8 10. g4 b5 11. Qe1 Bb7 12. Rg1 b4 13. f5 Ne5 14. Nxe5 dxe5 15. Qf2
exf5 16. gxf5 Nc6 17. Bf1 Bf6 18. Bh6 Re8 19. Qxc5 Qe7 20. Qe3 Ba6 21. Nd2 bxc3
22. bxc3 Red8 23. Nf3 Rb2 24. Ng5 Qd7 25. Rg3 Rdb8 26. Rf3 Bxg5 27. Qxg5 Qd8
28. f6 Rc2 29. Bg7 Rbb2 30. Rh3 Rxh2+ 31. Rxh2 Rxh2+ 32. Kxh2 Qb6 33. Qd2 Qc5
34. Rb1 1-0

[Event "33. Open Ciudad de San Sebastian"]
[Site "San Sebastián ESP"]
[Date "2010.03.31"]
[Round "4.46"]
[White "Navascues Zabaleta, Jesus"]
[Black "Fletcher, John"]
[Result "0-1"]
[WhiteElo "1800"]
[BlackElo "2004"]
[PlyCount "54"]
[EventDate "2010.03.28"]
[EventType "swiss"]
[EventRounds "9"]
[EventCountry "ESP"]
[Source "lmi"]
[SourceDate "2010.03.28"]

1. e4 c5 2. Nf3 Nc6 3. d4 cxd4 4. Nxd4 Nf6 5. Nc3 e5 6. Ndb5 d6 7. Bg5 a6 8.
Na3 b5 9. Nd5 Be7 10. Bxf6 Bxf6 11. Nxf6+ Qxf6 12. c4 Bb7 13. cxb5 Nd4 14. f3
Qh4+ 15. g3 Qf6 16. Be2 O-O 17. bxa6 Bxa6 18. Bxa6 Nxf3+ 19. Ke2 Nd4+ 20. Kd3
Rxa6 21. Rf1 Qg6 22. Qe1 d5 23. Rc1 Rd8 24. Rc5 dxe4+ 25. Kc3 Qd6 26. Rc4 Rxa3+
27. b3 Rxa2 0-1

[Event "33. Open Ciudad de San Sebastian"]
[Site "San Sebastián ESP"]
[Date "2010.03.31"]
[Round "4.47"]
[White "Rodriguez Cabrera, Fco  Javier"]
[Black "Aguado Zabaleta, Felix"]
[Result "1-0"]
[WhiteElo "1962"]
[BlackElo "1775"]
[PlyCount "85"]
[EventDate "2010.03.28"]
[EventType "swiss"]
[EventRounds "9"]
[EventCountry "ESP"]
[Source "lmi"]
[SourceDate "2010.03.28"]

1. e4 e6 2. d4 d5 3. Nc3 Bb4 4. e5 c5 5. a3 Bxc3+ 6. bxc3 cxd4 7. Qg4 g6 8.
cxd4 Qc7 9. Bd2 f6 10. Nf3 f5 11. Qf4 h6 12. Bd3 Nc6 13. Rb1 Qg7 14. Qe3 g5 15.
O-O f4 16. Qe1 g4 17. Nh4 Nxd4 18. Bg6+ Kd8 19. Ba5+ b6 20. Rxb6 axb6 21. Bxb6+
Kd7 22. Qb4 Qe7 23. Qxd4 Bb7 24. c4 Ra4 25. Rd1 Bc6 26. Bc2 Qxh4 27. Bxa4 Bxa4
28. Rc1 Ke8 29. cxd5 Bd7 30. dxe6 Bxe6 31. Qd6 Kf7 32. Bd8 Ne7 33. Rc6 Rxd8 34.
Qxd8 Qh5 35. Rc7 Qg5 36. a4 f3 37. g3 Bf5 38. a5 Ke6 39. Qd6+ Kf7 40. a6 Bc8
41. a7 Bb7 42. e6+ Kf6 43. Qxe7+ 1-0

[Event "33. Open Ciudad de San Sebastian"]
[Site "San Sebastián ESP"]
[Date "2010.03.31"]
[Round "4.48"]
[White "Ciruelos Clerencia, Juan Manuel"]
[Black "Perez Cameselle, Francisco"]
[Result "0-1"]
[WhiteElo "1773"]
[BlackElo "1958"]
[PlyCount "66"]
[EventDate "2010.03.28"]
[EventType "swiss"]
[EventRounds "9"]
[EventCountry "ESP"]
[Source "lmi"]
[SourceDate "2010.03.28"]

1. e4 g6 2. d4 d6 3. Bc4 Nf6 4. Nc3 Bg7 5. Bg5 Nc6 6. Qd2 O-O 7. f3 a6 8. Nge2
b5 9. Bb3 Na5 10. Bh6 c5 11. Bxg7 Kxg7 12. Bd5 Nxd5 13. Nxd5 e6 14. Ne3 Nc6 15.
h4 Nxd4 16. Nxd4 cxd4 17. Qxd4+ Qf6 18. Qxf6+ Kxf6 19. Ng4+ Ke7 20. O-O-O f5
21. exf5 gxf5 22. Ne3 f4 23. Nf1 Rg8 24. Rh2 Bb7 25. Rd2 Bd5 26. b3 Bc6 27. h5
h6 28. Re2 Rg5 29. Nd2 Be8 30. Rh4 Rf5 31. Re1 e5 32. Kb2 Bf7 33. b4 Rg8 0-1

[Event "33. Open Ciudad de San Sebastian"]
[Site "San Sebastián ESP"]
[Date "2010.03.31"]
[Round "4.49"]
[White "Tung, Kai Ming"]
[Black "Bas Sanchez, Jose Joaquin"]
[Result "1/2-1/2"]
[WhiteElo "1957"]
[BlackElo "1764"]
[PlyCount "53"]
[EventDate "2010.03.28"]
[EventType "swiss"]
[EventRounds "9"]
[EventCountry "ESP"]
[Source "lmi"]
[SourceDate "2010.03.28"]

1. e4 e6 2. d4 d5 3. Nd2 Nf6 4. e5 Nfd7 5. Bd3 c5 6. c3 Nc6 7. Ne2 cxd4 8. cxd4
f6 9. Nf4 Nxd4 10. Qh5+ Ke7 11. Ng6+ hxg6 12. Qxh8 Nxe5 13. Bb1 Kf7 14. O-O Qc7
15. Nb3 Nxb3 16. axb3 Bd7 17. Bf4 Nf3+ 18. gxf3 Qxf4 19. Qh3 Bc6 20. Qg2 Qh6
21. Qg3 Be7 22. Rd1 a6 23. Bd3 Rd8 24. Rac1 Bd6 25. Qg2 Rc8 26. h3 Qh5 27. Rc2
1/2-1/2

[Event "33. Open Ciudad de San Sebastian"]
[Site "San Sebastián ESP"]
[Date "2010.03.31"]
[Round "4.50"]
[White "Lyons, Brendan"]
[Black "Lazkano Gaite, Tomas"]
[Result "1-0"]
[WhiteElo "1952"]
[BlackElo "1741"]
[PlyCount "93"]
[EventDate "2010.03.28"]
[EventType "swiss"]
[EventRounds "9"]
[EventCountry "ESP"]
[Source "lmi"]
[SourceDate "2010.03.28"]

1. e4 c5 2. d3 e5 3. Nc3 d6 4. g3 Ne7 5. Bg2 g6 6. Bg5 Bg7 7. Nd5 Nbc6 8. Nf6+
Bxf6 9. Bxf6 Rg8 10. c3 Be6 11. Nf3 Qc7 12. Ng5 h6 13. Nxe6 fxe6 14. Bh3 Nd8
15. O-O Nec6 16. f4 Rf8 17. fxe5 dxe5 18. Qg4 Qh7 19. Bxd8 Nxd8 20. Rxf8+ Kxf8
21. Rf1+ Ke7 22. d4 Rc8 23. dxe5 Rc6 24. Rd1 Qg7 25. Qf4 Ke8 26. Rd6 g5 27. Qd2
Rxd6 28. Qxd6 Qe7 29. Kf2 Qxd6 30. exd6 Kd7 31. Kf3 Nf7 32. Kg4 Kxd6 33. Kh5
Ne5 34. Kxh6 g4 35. Bg2 Nf3 36. h4 Ke5 37. Kh5 Ne1 38. Bh1 Nd3 39. Kxg4 Nf2+
40. Kf3 Nxh1 41. g4 b5 42. h5 Kf6 43. h6 e5 44. g5+ Kg6 45. Kg2 a5 46. b3 c4
47. bxc4 1-0

[Event "33. Open Ciudad de San Sebastian"]
[Site "San Sebastián ESP"]
[Date "2010.03.31"]
[Round "4.51"]
[White "Bayrakdar Bianco, Philippe"]
[Black "Arana Garate, Jon"]
[Result "0-1"]
[WhiteElo "1745"]
[BlackElo "1944"]
[PlyCount "92"]
[EventDate "2010.03.28"]
[EventType "swiss"]
[EventRounds "9"]
[EventCountry "ESP"]
[Source "lmi"]
[SourceDate "2010.03.28"]

1. e4 d6 2. d4 Nf6 3. Nc3 g6 4. Be3 Bg7 5. Qd2 Ng4 6. f3 Nxe3 7. Qxe3 c6 8. Bc4
b5 9. Bb3 Nd7 10. Nge2 a5 11. a4 b4 12. Nd1 Ba6 13. c4 bxc3 14. bxc3 O-O 15.
O-O c5 16. d5 Rb8 17. Rb1 Ne5 18. Nf2 Qc7 19. f4 Nd7 20. c4 Nb6 21. Qd3 Qd7 22.
Nc3 Bd4 23. Nb5 Bxb5 24. axb5 a4 25. Ba2 Ra8 26. Qa3 Qg4 27. Qf3 Qxf3 28. gxf3
a3 29. Kg2 Be3 30. Kg3 Rfb8 31. Nd1 Bd4 32. Re1 f6 33. h4 Ra4 34. Ne3 Bxe3 35.
Rxe3 Nxc4 36. Bxc4 Rxc4 37. Rxa3 Rb4 38. Rc1 R4xb5 39. Ra7 R5b7 40. Ra6 Kf7 41.
Kg4 Rb2 42. Kg3 R8b7 43. e5 R2b6 44. e6+ Kg7 45. Rxb6 Rxb6 46. Rc4 Rb4 0-1

[Event "33. Open Ciudad de San Sebastian"]
[Site "San Sebastián ESP"]
[Date "2010.03.31"]
[Round "4.54"]
[White "Aizpurua Zufiria, Inaki"]
[Black "Kopischke, Maik"]
[Result "0-1"]
[WhiteElo "1648"]
[BlackElo "1911"]
[PlyCount "70"]
[EventDate "2010.03.28"]
[EventType "swiss"]
[EventRounds "9"]
[EventCountry "ESP"]
[Source "lmi"]
[SourceDate "2010.03.28"]

1. d4 Nf6 2. Nf3 d5 3. e3 Bf5 4. c4 e6 5. Qb3 Qc8 6. cxd5 exd5 7. Bd2 Nbd7 8.
Nc3 c6 9. Rc1 Qb8 10. g3 Bd6 11. Bg2 O-O 12. O-O h6 13. Ne2 Ne4 14. Bb4 Nb6 15.
Bxd6 Qxd6 16. Qd1 Rfe8 17. Nh4 Bh7 18. Nc3 Nxc3 19. Rxc3 Nd7 20. f4 Be4 21. Nf3
Bxf3 22. Bxf3 Nf6 23. a3 Re7 24. Qc1 Rae8 25. Kf2 Qd7 26. Kg2 Qf5 27. Re1 h5
28. h3 Ne4 29. Rb3 Nd6 30. g4 Qg6 31. Kf2 h4 32. Re2 Ne4+ 33. Bxe4 Qxe4 34. Qc2
Qh1 35. Qf5 Qxh3 0-1

[Event "33. Open Ciudad de San Sebastian"]
[Site "San Sebastián ESP"]
[Date "2010.03.31"]
[Round "4.56"]
[White "Moreiro Sanchez, Silvestre"]
[Black "Fuente San Sebastian, Ernesto"]
[Result "0-1"]
[WhiteElo "1636"]
[BlackElo "1897"]
[PlyCount "70"]
[EventDate "2010.03.28"]
[EventType "swiss"]
[EventRounds "9"]
[EventCountry "ESP"]
[Source "lmi"]
[SourceDate "2010.03.28"]

1. e4 d5 2. exd5 Nf6 3. Nc3 Nxd5 4. Nxd5 Qxd5 5. Qf3 Qe5+ 6. Be2 Nc6 7. c3 Be6
8. d4 Qa5 9. Qf4 O-O-O 10. Nf3 g5 11. Qd2 g4 12. Ng1 h5 13. Qc2 Nxd4 14. Qd1
Nf3+ 15. gxf3 Rxd1+ 16. Bxd1 Bg7 17. Bd2 Rd8 18. Be2 f5 19. f4 Rxd2 20. Kxd2
Qd5+ 21. Bd3 Qxh1 22. Re1 Kd7 23. b3 Qxh2 24. Ke3 Bh6 25. Ne2 Qh3+ 26. Kd2 Qf3
27. Rf1 Bxf4+ 28. Kc2 Bd6 29. Nd4 Qg2 30. Nxe6 Kxe6 31. Re1+ Kf6 32. Re2 h4 33.
Bc4 e5 34. f4 h3 35. fxe5+ Bxe5 0-1

[Event "33. Open Ciudad de San Sebastian"]
[Site "San Sebastián ESP"]
[Date "2010.03.31"]
[Round "4.58"]
[White "Campos Urbaneja, Ricardo"]
[Black "Garro Beraza, Julen"]
[Result "0-1"]
[WhiteElo "1547"]
[BlackElo "1881"]
[PlyCount "74"]
[EventDate "2010.03.28"]
[EventType "swiss"]
[EventRounds "9"]
[EventCountry "ESP"]
[Source "lmi"]
[SourceDate "2010.03.28"]

1. e4 c5 2. Nc3 Nc6 3. g3 g6 4. Bg2 Bg7 5. Nge2 e6 6. O-O Nge7 7. d3 d6 8. Be3
Nd4 9. Qd2 O-O 10. h3 Rb8 11. f4 b6 12. g4 f5 13. g5 Bb7 14. Ng3 Qc7 15. h4 b5
16. Nd1 b4 17. c3 bxc3 18. bxc3 Ndc6 19. h5 Ba6 20. h6 Bh8 21. Bf3 Qa5 22. Ne2
Rb6 23. Nb2 Rfb8 24. Rfb1 Qa3 25. Nc4 Rxb1+ 26. Rxb1 Rxb1+ 27. Kf2 Qa4 28. Nxd6
Qd1 29. Qxd1 Rxd1 30. Bxc5 Bxd3 31. e5 Rd2 32. a3 Nd5 33. Bxd5 Rxe2+ 34. Kf3
exd5 35. Ne8 Nxe5+ 36. fxe5 Bxe5 37. Bd4 Bxd4 0-1

[Event "33. Open Ciudad de San Sebastian"]
[Site "San Sebastián ESP"]
[Date "2010.03.31"]
[Round "4.59"]
[White "Vazquez Alvarez, Diego"]
[Black "Zaballa Zarzosa, Jon"]
[Result "0-1"]
[WhiteElo "1534"]
[BlackElo "1872"]
[PlyCount "80"]
[EventDate "2010.03.28"]
[EventType "swiss"]
[EventRounds "9"]
[EventCountry "ESP"]
[Source "lmi"]
[SourceDate "2010.03.28"]

1. Nf3 Nf6 2. c4 g6 3. d4 Bg7 4. Nc3 O-O 5. e4 d6 6. Bf4 Nc6 7. d5 Nb8 8. Bd3
c6 9. Qc2 Na6 10. O-O Nb4 11. Qd1 e5 12. dxe6 fxe6 13. Be2 e5 14. Bg5 h6 15.
Bh4 g5 16. Bg3 Nh5 17. Qb3 c5 18. Rad1 Nf4 19. a3 Nc6 20. h3 h5 21. Bxf4 exf4
22. Nb5 g4 23. hxg4 hxg4 24. Rxd6 Qe7 25. Qd3 gxf3 26. Bxf3 Nd4 27. e5 Qxe5 28.
Bd5+ Kh8 29. Qg6 Qf5 30. Kh2 Qxg6 31. Rxg6 Bf5 32. Rd6 f3 33. Bxb7 Nxb5 34.
cxb5 Be5+ 35. Kg1 Bxd6 36. Bxa8 Rxa8 37. gxf3 Bh3 38. Rd1 Rg8+ 39. Kh1 Bg2+ 40.
Kg1 Bxf3+ 0-1

[Event "33. Open Ciudad de San Sebastian"]
[Site "San Sebastián ESP"]
[Date "2010.03.31"]
[Round "4.64"]
[White "Moreno Romero, Ernesto"]
[Black "Santesteban Gonzalez, Begona"]
[Result "1-0"]
[WhiteElo "1739"]
[BlackElo "1588"]
[PlyCount "105"]
[EventDate "2010.03.28"]
[EventType "swiss"]
[EventRounds "9"]
[EventCountry "ESP"]
[Source "lmi"]
[SourceDate "2010.03.28"]

1. d4 Nf6 2. Nf3 g6 3. Bf4 Bg7 4. e3 d6 5. Bd3 Bg4 6. h3 Bd7 7. O-O O-O 8. c4
c5 9. Nc3 Qc8 10. d5 e5 11. dxe6 Bxe6 12. Bxd6 Rd8 13. Bf4 Bxc4 14. Ne1 Nc6 15.
Qe2 Be6 16. Nb5 Nd5 17. Bg3 Rd7 18. a3 Bxb2 19. Qxb2 Na5 20. Nd6 Qd8 21. Nc4
Ne7 22. Nxa5 Qxa5 23. Be2 Nf5 24. Be5 Rad8 25. Bc3 Qa4 26. Bb5 Qe4 27. Bf6 Rd2
28. Qe5 Qxe5 29. Bxe5 c4 30. Nf3 Rc2 31. Rfd1 Rc8 32. Bd7 Ra8 33. Bxe6 fxe6 34.
Ng5 Re8 35. Rac1 Rxc1 36. Rxc1 b5 37. Ne4 Kf7 38. g4 Rd8 39. gxf5 exf5 40. Nd6+
Ke6 41. a4 Rxd6 42. Bxd6 Kxd6 43. axb5 Kc5 44. Kf1 Kxb5 45. Ke2 a5 46. Rb1+ Kc5
47. Kd2 Kd5 48. Rb5+ Ke4 49. Rxa5 Kf3 50. Ke1 h5 51. Ra4 g5 52. Rxc4 Kg2 53. h4
1-0

[Event "33. Open Ciudad de San Sebastian"]
[Site "San Sebastián ESP"]
[Date "2010.03.31"]
[Round "4.65"]
[White "Cendagortagalarza Rodriguez, Jo"]
[Black "Irulegi Garmendia, Jose Antonio"]
[Result "1-0"]
[WhiteElo "1685"]
[BlackElo "1503"]
[PlyCount "78"]
[EventDate "2010.03.28"]
[EventType "swiss"]
[EventRounds "9"]
[EventCountry "ESP"]
[Source "lmi"]
[SourceDate "2010.03.28"]

1. e4 e5 2. d4 exd4 3. Qxd4 Nc6 4. Qe3 Bb4+ 5. Nc3 Bxc3+ 6. Qxc3 Qe7 7. Qxg7
Qxe4+ 8. Ne2 Qe5 9. Qxe5+ Nxe5 10. Bd2 d6 11. Bc3 f6 12. h3 Bd7 13. O-O-O O-O-O
14. Nd4 Rf8 15. f4 Nc6 16. Nf3 Nge7 17. g4 h6 18. Bc4 Rh7 19. Rhg1 a6 20. a3 h5
21. Bd3 Rh6 22. Rg3 hxg4 23. hxg4 Nd5 24. Bd2 b5 25. Rdg1 Rfh8 26. g5 fxg5 27.
fxg5 Rh1 28. g6 Rxg1+ 29. Rxg1 Ne5 30. Nxe5 dxe5 31. g7 Rg8 32. Bh7 Be6 33.
Bxg8 Bxg8 34. Bg5 Kd7 35. Rf1 e4 36. Rf8 Bh7 37. g8=Q Bxg8 38. Rxg8 e3 39. Rd8+
Ke6 1-0

[Event "33. Open Ciudad de San Sebastian"]
[Site "San Sebastián ESP"]
[Date "2010.03.31"]
[Round "4.66"]
[White "Vicente Ezeiza, Mikel"]
[Black "Fernandez Lopez, Ivan"]
[Result "1-0"]
[WhiteElo "1674"]
[BlackElo "1472"]
[PlyCount "87"]
[EventDate "2010.03.28"]
[EventType "swiss"]
[EventRounds "9"]
[EventCountry "ESP"]
[Source "lmi"]
[SourceDate "2010.03.28"]

1. e4 d5 2. exd5 Qxd5 3. Nc3 Qa5 4. Bc4 Nf6 5. d3 c6 6. Bd2 Qc7 7. Nf3 Bf5 8.
Qe2 e6 9. Nd4 Be7 10. h3 O-O 11. g4 Bg6 12. Bxe6 fxe6 13. Nxe6 Qd7 14. Nxf8
Bxf8 15. O-O-O Na6 16. Be3 Bf7 17. Ne4 Nd5 18. a3 b5 19. c4 Ndc7 20. c5 b4 21.
d4 bxa3 22. bxa3 Rb8 23. Ng5 Bg6 24. Qc4+ Kh8 25. f4 Bxc5 26. f5 Bxa3+ 27. Kd2
Rb2+ 28. Ke1 Bb4+ 29. Bd2 Qe7+ 30. Qe2 Bxd2+ 31. Rxd2 Rb1+ 32. Rd1 Rxd1+ 33.
Kxd1 Qxe2+ 34. Kxe2 Be8 35. Ne6 Nxe6 36. fxe6 Nc7 37. e7 Kg8 38. Rf1 Ne6 39.
Ke3 a5 40. Ke4 Bf7 41. Ke5 a4 42. Kd6 a3 43. Kd7 a2 44. Rxf7 1-0

[Event "33. Open Ciudad de San Sebastian"]
[Site "San Sebastián ESP"]
[Date "2010.03.31"]
[Round "4.67"]
[White "Berdote Alonso, Carlos"]
[Black "Muriel Dominguez, Mariano"]
[Result "1-0"]
[WhiteElo "1443"]
[BlackElo "1657"]
[PlyCount "69"]
[EventDate "2010.03.28"]
[EventType "swiss"]
[EventRounds "9"]
[EventCountry "ESP"]
[Source "lmi"]
[SourceDate "2010.03.28"]

1. e4 e6 2. d4 d5 3. e5 c5 4. c3 Nc6 5. Nf3 Nge7 6. Bg5 Qb6 7. Qd2 cxd4 8. cxd4
Nxd4 9. Nxd4 Nc6 10. Be3 Bd7 11. Be2 Rc8 12. O-O Bb4 13. Qd1 Ba5 14. b3 Nb4 15.
Na3 Nc6 16. Nab5 Bb4 17. a3 Be7 18. b4 a6 19. Nc3 Na7 20. Na4 Qd8 21. Nc5 Bxc5
22. bxc5 Bc6 23. Bd2 Nb5 24. Be1 Qh4 25. Bxb5 Bxb5 26. f4 Qd8 27. Rf3 Qd7 28.
Rg3 g6 29. h4 h5 30. Rg5 Bc4 31. Rb1 Bb5 32. g4 hxg4 33. Qxg4 Bd3 34. Rb3 Bf5
35. Qf3 1-0

[Event "33. Open Ciudad de San Sebastian"]
[Site "San Sebastián ESP"]
[Date "2010.03.31"]
[Round "4.70"]
[White "Gonzalez Pueyo, Patricia"]
[Black "Benson, Nicola"]
[Result "0-1"]
[WhiteElo "1610"]
[BlackElo "1377"]
[PlyCount "69"]
[EventDate "2010.03.28"]
[EventType "swiss"]
[EventRounds "9"]
[EventCountry "ESP"]
[Source "lmi"]
[SourceDate "2010.03.28"]

1. e4 d5 2. exd5 Nf6 3. d4 Nxd5 4. c4 Nb6 5. Nf3 g6 6. Nc3 Bg7 7. Bf4 O-O 8.
Be2 Nc6 9. d5 Nb8 10. Qd2 Bg4 11. b3 Re8 12. O-O e5 13. Bh6 Bxf3 14. Bxf3 N8d7
15. Rad1 Nf6 16. Bxg7 Kxg7 17. Rfe1 Nbd7 18. b4 a5 19. a3 axb4 20. axb4 Nb6 21.
Qd3 Ra3 22. Ra1 e4 23. Bxe4 Rxe4 24. Rxe4 Rxa1+ 25. Nb1 Nxe4 26. Qxe4 Qf6 27.
g3 Ra4 28. c5 Nd7 29. Qe1 Ra1 30. Kg2 Qb2 31. Qe7 Nf6 32. Qxc7 Qxb4 33. d6 Qe4+
34. Kh3 Rxb1 35. d7 0-1

[Event "33. Open Ciudad de San Sebastian"]
[Site "San Sebastián ESP"]
[Date "2010.04.01"]
[Round "5.1"]
[White "Spraggett, Kevin"]
[Black "Alvarez Pedraza, Aramis"]
[Result "1/2-1/2"]
[WhiteElo "2580"]
[BlackElo "2486"]
[PlyCount "81"]
[EventDate "2010.03.28"]
[EventType "swiss"]
[EventRounds "9"]
[EventCountry "ESP"]
[Source "lmi"]
[SourceDate "2010.03.28"]

1. c4 e5 2. Nc3 Nc6 3. g3 Bc5 4. Bg2 d6 5. e3 a6 6. Nge2 Ba7 7. b3 Nge7 8. Bb2
O-O 9. d3 Rb8 10. Qd2 b5 11. O-O Be6 12. Nd5 Qd7 13. Rac1 b4 14. d4 Ng6 15. Kh1
a5 16. Rcd1 Rbd8 17. e4 f5 18. exf5 Bxf5 19. dxe5 Ncxe5 20. Nef4 c6 21. Nxg6
Nxg6 22. Ne3 Bxe3 23. Qxe3 Bh3 24. Bxh3 Qxh3 25. Rfe1 Rf7 26. f4 Re7 27. Qf2 d5
28. cxd5 Rxd5 29. Rxd5 cxd5 30. Rxe7 Nxe7 31. Qe2 Kf7 32. Kg1 g6 33. a3 Qf5 34.
axb4 axb4 35. Kf2 h5 36. Bd4 Qb1 37. Bc5 Nf5 38. Qb5 Qc2+ 39. Kg1 Qb1+ 40. Kf2
Qc2+ 41. Kg1 1/2-1/2

[Event "33. Open Ciudad de San Sebastian"]
[Site "San Sebastián ESP"]
[Date "2010.04.01"]
[Round "5.2"]
[White "Llaneza Vega, Marcos"]
[Black "Gleizerov, Evgeny"]
[Result "1/2-1/2"]
[WhiteElo "2514"]
[BlackElo "2565"]
[PlyCount "30"]
[EventDate "2010.03.28"]
[EventType "swiss"]
[EventRounds "9"]
[EventCountry "ESP"]
[Source "lmi"]
[SourceDate "2010.03.28"]

1. e4 e6 2. d4 d5 3. Nc3 Nf6 4. Bg5 Be7 5. e5 Nfd7 6. Bxe7 Qxe7 7. Qg4 O-O 8.
Bd3 c5 9. Nf3 h6 10. O-O-O Nc6 11. Rhe1 cxd4 12. Nb5 f5 13. Qh5 Nc5 14. Nfxd4
Bd7 15. Nxc6 Qd8 1/2-1/2

[Event "33. Open Ciudad de San Sebastian"]
[Site "San Sebastián ESP"]
[Date "2010.04.01"]
[Round "5.3"]
[White "Korneev, Oleg"]
[Black "Pogorelov, Ruslan"]
[Result "1/2-1/2"]
[WhiteElo "2558"]
[BlackElo "2486"]
[PlyCount "63"]
[EventDate "2010.03.28"]
[EventType "swiss"]
[EventRounds "9"]
[EventCountry "ESP"]
[Source "lmi"]
[SourceDate "2010.03.28"]

1. e4 c6 2. d4 d5 3. e5 Bf5 4. Nf3 e6 5. Be2 c5 6. Be3 Nd7 7. Nbd2 c4 8. Nf1
Bb4+ 9. c3 Ba5 10. Bg5 Qb6 11. Qd2 h6 12. Bh4 Qc6 13. Ne3 Bh7 14. O-O Ne7 15.
Ne1 Ng6 16. Bg3 O-O 17. f4 f6 18. Nf3 fxe5 19. fxe5 Rf7 20. Bd1 Raf8 21. Bc2
Bd8 22. Rf2 Nf4 23. Bxh7+ Kxh7 24. Bxf4 Rxf4 25. Raf1 Kg8 26. g3 R4f7 27. Kg2
Nb8 28. h4 Qe8 29. Qc2 Nc6 30. b3 b5 31. a4 cxb3 32. Qxb3 1/2-1/2

[Event "33. Open Ciudad de San Sebastian"]
[Site "San Sebastián ESP"]
[Date "2010.04.01"]
[Round "5.5"]
[White "San Segundo Carrillo, Pablo"]
[Black "Collins, Sam E"]
[Result "1/2-1/2"]
[WhiteElo "2534"]
[BlackElo "2401"]
[PlyCount "41"]
[EventDate "2010.03.28"]
[EventType "swiss"]
[EventRounds "9"]
[EventCountry "ESP"]
[Source "lmi"]
[SourceDate "2010.03.28"]

1. d4 d5 2. c4 e6 3. Nc3 c5 4. cxd5 exd5 5. Nf3 Nc6 6. g3 Nf6 7. Bg2 Be7 8. O-O
O-O 9. Bg5 c4 10. Ne5 Be6 11. Nxc6 bxc6 12. b3 Qa5 13. Qc2 Rfd8 14. Rfd1 Rac8
15. bxc4 dxc4 16. h4 h6 17. Bxf6 Bxf6 18. e3 c5 19. Ne4 cxd4 20. Nxf6+ gxf6 21.
exd4 1/2-1/2

[Event "33. Open Ciudad de San Sebastian"]
[Site "San Sebastián ESP"]
[Date "2010.04.01"]
[Round "5.6"]
[White "Thomassen, Joachim"]
[Black "Cabrera, Alexis"]
[Result "0-1"]
[WhiteElo "2331"]
[BlackElo "2533"]
[PlyCount "112"]
[EventDate "2010.03.28"]
[EventType "swiss"]
[EventRounds "9"]
[EventCountry "ESP"]
[Source "lmi"]
[SourceDate "2010.03.28"]

1. e4 c5 2. Nf3 d6 3. d4 cxd4 4. Nxd4 Nf6 5. Nc3 g6 6. Be3 Bg7 7. f3 Nc6 8. Qd2
O-O 9. O-O-O d5 10. Qe1 e5 11. Nxc6 bxc6 12. exd5 Nxd5 13. Bc4 Be6 14. Ne4 Qc7
15. Bc5 Rfd8 16. g4 Nf4 17. Bd6 Qb6 18. Qc3 Nd5 19. Qa3 Qe3+ 20. Qxe3 Nxe3 21.
Bxe6 Nxd1 22. Bxf7+ Kxf7 23. Rxd1 Bh6+ 24. g5 Bg7 25. c4 Ke6 26. Kc2 Bf8 27. c5
Rd7 28. Nf6 Rdd8 29. Ne4 Be7 30. Rd3 Rd7 31. Rb3 Rf8 32. Kd2 Rf5 33. h4 Rf4 34.
Ke3 Rxh4 35. Rb8 Rh2 36. Bxe7 Kxe7 37. Rc8 Rxb2 38. Rxc6 Rxa2 39. Nf6 Rd4 40.
Rc7+ Ke6 41. Rc6+ Kf5 42. Ne4 Ra3+ 43. Ke2 Rxe4+ 44. fxe4+ Kxe4 45. Rc7 a5 46.
Rxh7 Rc3 47. Rg7 Kf5 48. Rc7 e4 49. Kd2 Rc4 50. c6 Kxg5 51. Ke3 Kg4 52. Rc8 g5
53. c7 a4 54. Re8 Rxc7 55. Rxe4+ Kg3 56. Ke2 Ra7 0-1

[Event "33. Open Ciudad de San Sebastian"]
[Site "San Sebastián ESP"]
[Date "2010.04.01"]
[Round "5.7"]
[White "Ulibin, Mikhail"]
[Black "Vea, Odin Blikra"]
[Result "1-0"]
[WhiteElo "2516"]
[BlackElo "2195"]
[PlyCount "97"]
[EventDate "2010.03.28"]
[EventType "swiss"]
[EventRounds "9"]
[EventCountry "ESP"]
[Source "lmi"]
[SourceDate "2010.03.28"]

1. e4 c5 2. Nf3 Nc6 3. Bb5 Na5 4. c3 a6 5. Ba4 b5 6. Bc2 Bb7 7. d4 cxd4 8. cxd4
e6 9. O-O Nf6 10. Nbd2 Be7 11. e5 Nd5 12. Ne4 h6 13. a3 Qb6 14. Nc5 Bc6 15. Nd2
Nb7 16. Nxb7 Qxb7 17. Re1 g6 18. Ne4 O-O-O 19. Qd3 Kb8 20. Bd2 Rc8 21. b4 Nb6
22. Nc5 Bxc5 23. dxc5 Nc4 24. f3 g5 25. Re2 Rhg8 26. Be1 h5 27. Qd4 Bd5 28. a4
Qc6 29. Bd3 Kb7 30. Be4 g4 31. f4 Bxe4 32. Rxe4 Qd5 33. Qxd5+ exd5 34. Rd4 Ne3
35. Ra2 bxa4 36. Kf2 Nf5 37. Rxd5 Kc6 38. Rd3 h4 39. Rxa4 Ra8 40. Rda3 Kb7 41.
Rd3 Kc6 42. Ra5 Rg6 43. b5+ Kc7 44. Ra2 Kc8 45. Kg1 Rb8 46. b6 Rc6 47. Bb4 Ra8
48. Rad2 a5 49. Rxd7 1-0

[Event "33. Open Ciudad de San Sebastian"]
[Site "San Sebastián ESP"]
[Date "2010.04.01"]
[Round "5.10"]
[White "Alonso Rosell, Alvar"]
[Black "Bjerke, Silje"]
[Result "1-0"]
[WhiteElo "2509"]
[BlackElo "2218"]
[PlyCount "129"]
[EventDate "2010.03.28"]
[EventType "swiss"]
[EventRounds "9"]
[EventCountry "ESP"]
[Source "lmi"]
[SourceDate "2010.03.28"]

1. d4 Nf6 2. c4 g6 3. Nc3 d5 4. cxd5 Nxd5 5. Bd2 Bg7 6. e4 Nb6 7. Be3 O-O 8.
Bb5 Qd6 9. Nge2 Nc6 10. O-O a6 11. Bd3 Nxd4 12. Bxa6 Rxa6 13. Bxd4 Bxd4 14.
Nxd4 Nc4 15. b3 Ne5 16. Ndb5 Qb6 17. Qd4 Qxd4 18. Nxd4 c6 19. Rfd1 Ra8 20. f3
Nd7 21. Kf2 Nc5 22. f4 e5 23. fxe5 Re8 24. Nf3 Bg4 25. Ke3 Bxf3 26. gxf3 Rxe5
27. Rac1 Rh5 28. Rd2 Re8 29. Ne2 Ne6 30. Ng3 Ra5 31. Kf2 Nf4 32. Rcc2 Re7 33.
Ke3 Nd5+ 34. Kf2 Nf4 35. Rc4 Kg7 36. Rcd4 Ne6 37. Rc4 Nf4 38. Nf1 Re8 39. Ne3
Rea8 40. Rcc2 Ne6 41. Nc4 Rh5 42. Ke3 Nc5 43. Nd6 Kf8 44. Kf4 Ne6+ 45. Ke3 Nc5
46. Kf4 Ne6+ 47. Kg3 Rg5+ 48. Kf2 Rh5 49. Kg2 Nc5 50. f4 Ne6 51. Kg3 Rb8 52. h4
Ra5 53. e5 Ng7 54. Kf3 Ke7 55. Rc3 Ra6 56. Ne4 Nf5 57. Nc5 Ra7 58. Rd7+ Ke8 59.
e6 fxe6 60. Rxh7 Rd8 61. a4 Rd1 62. Nxe6 Ne7 63. Re3 b5 64. Rh8+ Kf7 65. Rf8#
1-0